|
|
|
|
| LEADER |
00000nas a22000007a 4500 |
| 001 |
ssj0000328964 |
| 003 |
WaSeSS |
| 005 |
20200512172242.0 |
| 006 |
m d |
| 007 |
cr n |
| 008 |
081201c20099999miuqr pss 0 a0eng c |
| 010 |
|
|
|a 2008214223
|
| 016 |
7 |
|
|a 014940304
|2 Uk
|
| 022 |
|
|
|a 1944-5679
|l 1944-5660
|y 1944-5660
|
| 035 |
|
|
|a (WaSeSS)ssj0000328964
|
| 037 |
|
|
|b The Johnson Center for Philanthropy and Nonprofit Leadership, 1 Campus Dr., Allendale, MI 49401
|
| 040 |
|
|
|a NSD
|b eng
|c NSD
|d NSD
|d DLC
|d OCLCS
|d OCLCQ
|d UKMGB
|d OCLCQ
|d VT2
|d OCLCO
|d OCLCF
|d OCLCQ
|d AU@
|d WaSeSS
|
| 042 |
|
|
|a pcc
|a nsdp
|
| 082 |
1 |
0 |
|a 361
|2 14
|
| 130 |
0 |
|
|a Foundation review (Online)
|
| 222 |
|
4 |
|a The foundation review
|b (Online)
|
| 245 |
1 |
4 |
|a The foundation review
|h [electronic resource].
|
| 246 |
1 |
3 |
|a TFR
|
| 260 |
|
|
|a Allendale, MI :
|b Grand Valley State University
|
| 310 |
|
|
|a Quarterly
|
| 362 |
1 |
|
|a Began with vol. 1, issue 1 (winter 2009).
|
| 506 |
|
|
|a License restrictions may limit access.
|
| 588 |
|
|
|a Description based on: Vol. 1, issue 1 (winter 2009); title from caption (Johnson Center for Philanthropy at Grand Valley State University's website, viewed (Sept. 3, 2009).
|
| 610 |
2 |
0 |
|a Dorothy A. Johnson Center for Philanthropy and Nonprofit Leadership
|v Periodicals.
|
| 610 |
2 |
7 |
|a Dorothy A. Johnson Center for Philanthropy and Nonprofit Leadership.
|2 fast
|0 (OCoLC)fst00778713
|
| 650 |
|
0 |
|a Charities
|v Periodicals.
|
| 650 |
|
0 |
|a Endowments
|v Periodicals.
|
| 650 |
|
7 |
|a Charities.
|2 fast
|0 (OCoLC)fst00852404
|
| 650 |
|
7 |
|a Endowments.
|2 fast
|0 (OCoLC)fst00909854
|
| 655 |
|
0 |
|a Electronic journals.
|
| 710 |
2 |
|
|a Dorothy A. Johnson Center for Philanthropy and Nonprofit Leadership.
|
| 776 |
0 |
8 |
|i Print version:
|t Foundation review
|x 1944-5660
|w (DLC) 2008214222
|w (OCoLC)276784437
|
| 856 |
4 |
0 |
|z Full text available from Research Library: 01/01/2012 to 2 years ago
|u https://search.proquest.com/publication/2028852
|